[Event "NRW Class1 1213"]
[Site "Germany"]
[Date "2012.10.21"]
[Round "2.8"]
[White "Wuestnienhaus, Andreas"]
[Black "Fox, Jonas"]
[Result "0-1"]
[WhiteElo "1879"]
[BlackElo "1942"]
[PlyCount "50"]
[EventDate "2012.09.16"]
[EventType "team-tourn"]
[EventRounds "9"]
[EventCountry "GER"]
[SourceTitle "EXT 2017"]
[Source "ChessBase"]
[SourceDate "2016.10.25"]
[SourceVersion "1"]
[SourceVersionDate "2016.10.25"]
[SourceQuality "1"]
[WhiteTeam "Bocholt"]
[BlackTeam "Muenster II"]
[WhiteTeamCountry "GER"]
[BlackTeamCountry "GER"]

1. d4 Nf6 2. c4 g6 3. Nf3 Bg7 4. Nc3 0-0 5. g3 d6 6. Bg2 Nc6 7. 0-0 Bg4 8. h3 Bxf3 9. Bxf3 Nd7 10. e3 e5 11. d5 Ne7 12. Bg2 f5 13. Rb1 g5 14. g4 h6 15. gxf5 Nxf5 16. Ne4 Nf6 17. Nxf6+ Rxf6 18. Be4 Nh4 19. b4 Qe7 20. Rb3 Raf8 21. Qg4 Qf7 22. Qg3 h5 23. Ra3 Nf3+ 24. Kg2 g4 25. hxg4 h4 0-1

[Event "Muensterland Verbandsliga 1112"]
[Site "Germany"]
[Date "2011.10.15"]
[Round "2.8"]
[White "Fox, Jonas"]
[Black "Hoeing, Johannes"]
[Result "1/2-1/2"]
[WhiteElo "1945"]
[BlackElo "1877"]
[PlyCount "89"]
[EventDate "2011.09.24"]
[EventType "team-tourn"]
[EventRounds "9"]
[EventCountry "GER"]
[SourceTitle "EXT 2013"]
[Source "ChessBase"]
[SourceDate "2012.11.22"]
[SourceVersion "1"]
[SourceVersionDate "2012.11.22"]
[SourceQuality "1"]
[WhiteTeam "Muenster III"]
[BlackTeam "Suedlohn"]
[WhiteTeamCountry "GER"]
[BlackTeamCountry "GER"]

1. e4 e6 2. d4 d5 3. Nd2 Nf6 4. e5 Nfd7 5. Bd3 c5 6. c3 Nc6 7. Ne2 cxd4 8. cxd4 Nb6 9. 0-0 Bd7 10. f4 g6 11. Nf3 h5 12. b3 a5 13. a4 Nb4 14. Bb1 Nc8 15. Bd2 Na7 16. Bxb4 Bxb4 17. Ng5 Qe7 18. Qd3 0-0-0 19. Qe3 Kb8 20. Bd3 Rc8 21. Rfc1 Rxc1+ 22. Rxc1 Rc8 23. Rxc8+ Bxc8 24. Qc1 Bd7 25. Nc3 Be8 26. Qc2 Qc7 27. Ne2 Be7 28. Qxc7+ Kxc7 29. Nc3 Kd8 30. Kf2 Bb4 31. Ne2 Ke7 32. Ke3 b5 33. axb5 Nxb5 34. Nh7 Nc3 35. Nxc3 Bxc3 36. h3 a4 37. bxa4 Bxa4 38. g4 hxg4 39. hxg4 Bb2 40. f5 Bc1+ 41. Ke2 gxf5 42. gxf5 Bb2 43. Ke3 Bc1+ 44. Ke2 Bb2 45. Ke3 1/2-1/2

[Event "Werther Schloss op-B 14th"]
[Site "Werther"]
[Date "2008.03.15"]
[Round "3"]
[White "Thanisch, Matthias"]
[Black "Fox, Jonas"]
[Result "0-1"]
[WhiteElo "2102"]
[BlackElo "1958"]
[PlyCount "78"]
[EventDate "2008.03.14"]
[EventType "swiss"]
[EventRounds "5"]
[EventCountry "GER"]
[SourceTitle "EXT 2010"]
[Source "ChessBase"]
[SourceDate "2010.11.25"]
[SourceVersion "1"]
[SourceVersionDate "2010.11.25"]
[SourceQuality "1"]

1. d4 Nf6 2. Nf3 g6 3. g3 Bg7 4. c4 d6 5. Nc3 0-0 6. Bg2 Nc6 7. 0-0 Bg4 8. h3 Bxf3 9. Bxf3 Nd7 10. e3 e5 11. Ne2 Qf6 12. Bg2 exd4 13. exd4 Nxd4 14. Nf4 c6 15. Be3 Nf5 16. Bd2 Qxb2 17. Rb1 Qxa2 18. Rxb7 Nc5 19. Rc7 Rac8 20. Rxc6 Qxc4 21. Rxc8 Rxc8 22. Qg4 h5 23. Qf3 Ne6 24. Rc1 Qa6 25. Rxc8+ Qxc8 26. Nd5 Qc2 27. Be3 Ned4 28. Bxd4 Bxd4 29. Nf4 Qc3 30. Nd3 a5 31. Kh2 a4 32. Qa8+ Kg7 33. Be4 Ne7 34. Qe8 d5 35. Qxe7 dxe4 36. Qxe4 a3 37. Nc1 Bxf2 38. Qg2 Qxc1 39. Qxf2 Qb2 0-1

[Event "NRW-ch U16"]
[Site "Kranenburg"]
[Date "2007.04.14"]
[Round "7"]
[White "Fox, Jonas"]
[Black "Kelbling, Philipp"]
[Result "1/2-1/2"]
[WhiteElo "1995"]
[BlackElo "1887"]
[PlyCount "58"]
[EventDate "2007.04.09"]
[EventType "swiss"]
[EventRounds "7"]
[EventCountry "GER"]
[SourceTitle "EXT 2008"]
[Source "ChessBase"]
[SourceDate "2007.11.25"]
[SourceVersion "1"]
[SourceVersionDate "2007.11.25"]
[SourceQuality "1"]

1. e4 c5 2. Nf3 e6 3. d4 cxd4 4. Nxd4 Nf6 5. Bd3 Nc6 6. Be3 d5 7. Nd2 e5 8. N4b3 h6 9. c3 Be7 10. 0-0 0-0 11. Rc1 Qc7 12. Qe2 Bg4 13. f3 Bh5 14. Rfd1 Rad8 15. Bf2 dxe4 16. Nxe4 Nd5 17. Qe1 Nf4 18. Bc4 Bg6 19. Nbc5 Kh8 20. Nd3 Nxd3 21. Rxd3 Na5 22. Bd5 Nc4 23. Qe2 Nb6 24. Bb3 Rxd3 25. Qxd3 f5 26. Nd2 Rd8 27. Qe2 Bh5 28. Re1 Bg5 29. Be3 Bf6 1/2-1/2

[Event "NRW-ch U16"]
[Site "Kranenburg"]
[Date "2007.04.10"]
[Round "3"]
[White "Fox, Jonas"]
[Black "Neukoetter, Max"]
[Result "1/2-1/2"]
[WhiteElo "1995"]
[BlackElo "1958"]
[PlyCount "22"]
[EventDate "2007.04.09"]
[EventType "swiss"]
[EventRounds "7"]
[EventCountry "GER"]
[SourceTitle "EXT 2008"]
[Source "ChessBase"]
[SourceDate "2007.11.25"]
[SourceVersion "1"]
[SourceVersionDate "2007.11.25"]
[SourceQuality "1"]

1. e4 c5 2. Nf3 Nc6 3. d4 cxd4 4. Nxd4 g6 5. c4 Bg7 6. Be3 Nf6 7. Nc3 Ng4 8. Qxg4 Nxd4 9. Qd1 e5 10. Bd3 d6 11. 0-0 0-0 1/2-1/2

[Event "NRW-ch U16"]
[Site "Kranenburg"]
[Date "2007.04.09"]
[Round "1"]
[White "Fox, Jonas"]
[Black "Tkachuk, Konstantyn"]
[Result "0-1"]
[WhiteElo "1995"]
[BlackElo "2135"]
[PlyCount "96"]
[EventDate "2007.04.09"]
[EventType "swiss"]
[EventRounds "7"]
[EventCountry "GER"]
[SourceTitle "EXT 2008"]
[Source "ChessBase"]
[SourceDate "2007.11.25"]
[SourceVersion "1"]
[SourceVersionDate "2007.11.25"]
[SourceQuality "1"]

1. e4 e5 2. Nf3 Nc6 3. Bb5 a6 4. Ba4 Nf6 5. d4 Nxd4 6. Nxd4 exd4 7. 0-0 b5 8. e5 bxa4 9. exf6 Qxf6 10. c3 dxc3 11. Nxc3 Bb7 12. Re1+ Be7 13. Qe2 Rd8 14. Bf4 d6 15. Ne4 Qxf4 16. Nc5 0-0 17. Nxb7 Rb8 18. Qxe7 Rxb7 19. Re4 Qd2 20. Rae1 g6 21. R4e2 Qd4 22. Re4 Qxb2 23. Rxa4 Qb6 24. h4 c5 25. Qe4 Rd7 26. Qd5 Qb7 27. Qxb7 Rxb7 28. Rxa6 Rd8 29. Rc6 Kf8 30. Kf1 Ra7 31. Re2 Ra4 32. g3 Rd7 33. f4 c4 34. Rc8+ Kg7 35. Ke1 d5 36. g4 Ra6 37. f5 gxf5 38. gxf5 Kf6 39. Rh8 Kxf5 40. Rxh7 d4 41. Rh5+ Kf4 42. Rc5 c3 43. Rc4 Re6 44. Rxe6 fxe6 45. h5 Ke3 46. Kd1 Kd3 47. Rc5 Rb7 48. Kc1 Rf7 0-1